000 00605nam a22001937a 4500
999 _c179772
_d179772
005 20210708103432.0
010 _aB-740590
020 _a9788126029860
_c175.00
035 _aB-740590
037 _bGift
082 _aN
100 _aLarneuil, Michel
245 _aBegum Samru of Sardhana /
_cby Michel Larneuil ; translated by Ranjit Sinha
260 _bSahitya Akademi
_c2011
_aNew Delhi
270 _aRabindra Bhavan, 35, Ferozshah Road
_bNew Delhi
_e110001
300 _a305p.
_c22cm(pbk)
942 _2ddc
_cEN
_mLAR
_hN